Devinez la Capitale Mystère #44 - Statistiques

Statistiques générales
  • Ce quiz a été pris 182 fois
  • Le résultat moyen est 26 sur 33
Statistiques - réponses
Type de Réponse Réponse % Correct
Lettre de l'Alphabet R
100%
Lettre Trouvée S
100%
Lettre Trouvée A
99%
Lettre de l'Alphabet E
99%
Lettre de l'Alphabet N
99%
Lettre de l'Alphabet I
98%
Lettre de l'Alphabet O
98%
Lettre Trouvée L
95%
Lettre de l'Alphabet D
93%
Lettre de l'Alphabet P
93%
Lettre de l'Alphabet B
92%
Lettre de l'Alphabet M
92%
Lettre Bien Placée L
88%
Lettre Trouvée U
88%
Lettre de l'Alphabet T
83%
Lettre de l'Alphabet C
79%
Lettre de l'Alphabet G
78%
Lettre Trouvée K
76%
Lettre Bien Placée S
76%
Lettre de l'Alphabet H
74%
Lettre Bien Placée A
73%
Lettre de l'Alphabet V
71%
Lettre Bien Placée U
68%
Lettre de l'Alphabet W
68%
Lettre Bien Placée A
67%
Lettre de l'Alphabet J
67%
Lettre de l'Alphabet X
65%
Lettre de l'Alphabet Y
64%
Lettre de l'Alphabet F
57%
Lettre Bien Placée K
56%
Lettre de l'Alphabet Z
56%
Capitale Mystère Lusaka
51%
Lettre de l'Alphabet Q
51%
Aucun quiz correspondant
Distribution des résultats
% des personnes avec chaque résultat
Percentile par nombre de réponses
Votre historique - résultats
Vous n’avez pas pris ce quiz